Coldplay Songs Quiz 1 - Statistics

General Stats
  • This quiz has been taken 909 times
  • The average score is 10 of 15
Answer Stats
Lines Song % Correct
Para Para Paradise, Everytime she closed her eyes Paradise
97%
I hear Jeruselem Bells are ringing, Roman cavelry Choirs are singing Viva la vida
96%
Nobody said it was easy, no nobody said it would be this hard, oh lets take it back to start The Scientist
95%
Lights will guide you home, And ignite Your bones Fix you
93%
Your Skin oh yeah your Skin and bones, turn them in to something Beautiful Yellow
93%
Could Of been A Princess Wore a Ring could of had a castle you'd been a king but no you had to go Princess of China
83%
Birds go flying at the speed of sound, to show you how it all began Speed of sound
83%
I never mean't to cause you trouble, No i never mean't to do you wrong Trouble
77%
You use your heart as a weapon,and in hurts like heaven hurts like heaven
68%
You can take a picture of something you see, but in the future where will i be Talk
56%
We live in a Beautiful world yeah we do we do Don't Panic
54%
If you love why dont you let me know Violet Hill
49%
I could Feel it go down, You left the sweetest taste in my mouth, Your silver lining in the clouds The hardest Part
37%
All this noise Im Waking up, All this Space Im taking up, all this sound is breaking up. White Shadows
25%
Every one I know said I was a fool to mess with you, And everyone I know said it was a stupid thing to do I ran away
14%
No matching quizzes found
Score Distribution
Percent of People with Each Score
Percentile by Number Answered
Your Score History
You have not taken this quiz